Statistics for Polynesian Islands

Click here to take the quiz!

General Stats

  • This quiz has been taken 70 times
  • The average score is 6 of 15

Answer Stats

Area in km² Island % Correct
1,0451,045Tahiti
82%
Famous Moai163Easter Island
66%
10,43310,433Hawai'i
58%
151,125151,125South Island
54%
113,729113,729North Island
54%
1,5451,545O'ahu
42%
Very luxurious island in French Polynesia29Bora Bora
42%
1,8831,883Maui
38%
Least populous national jurisdiction in the world4,5Pitcairn Island
24%
1,4311,431Kaua'i
22%
1,6941,694Savai'i
20%
1,7461,746Stewart Island
16%
1,1251,125Upolu
14%
Where Paul Gauguin died387Hiva Oa
14%
Directly on Londons other side of the Earth20Antipodes Island
10%

Score Distribution

Percentile by Number Answered

Percent of People with Each Score

Your Score History

You have not taken this quiz